Spiritual revival for our day. (Record no. 10996)

000 -LEADER
fixed length control field 00584nam a2200193 a 4500
001 - CONTROL NUMBER
control field :::00008789$&:&@@
003 - CONTROL NUMBER IDENTIFIER
control field OkBaRHE
005 - DATE AND TIME OF LATEST TRANSACTION
control field 20000607103346.0
008 - FIXED-LENGTH DATA ELEMENTS--GENERAL INFORMATION
fixed length control field s1954 j 000 0 eng u
040 ## - CATALOGING SOURCE
Transcribing agency
100 1# - MAIN ENTRY--PERSONAL NAME
Personal name Short, Roy Hunter, 1902-
245 10 - TITLE STATEMENT
Title Spiritual revival for our day.
260 ## - PUBLICATION, DISTRIBUTION, ETC. (IMPRINT)
Place of publication, distribution, etc Nashville, TN., :
Name of publisher, distributor, etc Tidings
Date of publication, distribution, etc c1954
300 ## - PHYSICAL DESCRIPTION
Extent 48 p. ;
Dimensions 19 cm.
650 ## - SUBJECT ADDED ENTRY--TOPICAL TERM
Topical term or geographic name as entry element Evangelistic Work
General subdivision Study and Teaching
650 ## - SUBJECT ADDED ENTRY--TOPICAL TERM
Topical term or geographic name as entry element Revivals
942 ## - ADDED ENTRY ELEMENTS (KOHA)
Source of classification or shelving scheme
Koha item type Books
Copies
Price effective from Lost status Damaged status Withdrawn status Shelving location Koha item type Copy number Date last seen Barcode Date acquired Not for loan Full call number Source of classification or shelving scheme Permanent Location
2010-04-14   General StacksBooks12010-04-1487892010-04-14 BV 3795 .S552 RHEMA Bible Training College